Sawanih (Record no. 347614)
[ view plain ]
| 000 -LEADER | |
|---|---|
| fixed length control field | 00360 a2200133 4500 |
| 082 ## - DEWEY DECIMAL CLASSIFICATION NUMBER | |
| Classification number | 297.422092 |
| 090 ## - LOCALLY ASSIGNED LC-TYPE CALL NUMBER (OCLC); LOCAL CALL NUMBER (RLIN) | |
| -- | 5195 |
| -- | 5195 |
| 100 ## - MAIN ENTRY--PERSONAL NAME | |
| Personal name | Ghazzali,Ahmad |
| 245 ## - TITLE STATEMENT | |
| Title | Sawanih |
| Remainder of title | Inspirations from the World of Pure Spirits |
| Statement of responsibility, etc. | Ahmad Ghazzali |
| 260 ## - PUBLICATION, DISTRIBUTION, ETC. | |
| Place of publication, distribution, etc. | Lahore |
| Name of publisher, distributor, etc. | Suhail Academy |
| Date of publication, distribution, etc. | 1986 |
| 300 ## - PHYSICAL DESCRIPTION | |
| Extent | 127p |
| 500 ## - GENERAL NOTE | |
| General note | Hard cover |
| 942 ## - ADDED ENTRY ELEMENTS (KOHA) | |
| Institution code [OBSOLETE] | NBS |
| Koha item type | Book |
| Call number prefix | 297.422092 AHM |
| Withdrawn status | Lost status | Damaged status | Not for loan | Permanent Location | Current Location | Date acquired | Total Checkouts | Full call number | Barcode | Date last seen | Price effective from | Koha item type |
|---|---|---|---|---|---|---|---|---|---|---|---|---|
| Central Library (CL) | Central Library (CL) | 08/28/2013 | 297.422092 AHM | NBSD-1310 | 08/28/2013 | 08/28/2013 | Book | |||||
| Central Library (CL) | Central Library (CL) | 08/28/2013 | 297.422092 AHM | NBSD-1309 | 08/28/2013 | 08/28/2013 | Book |
